Banking Law and Practice (Record no. 229011)
[ view plain ]
| 000 -LEADER | |
|---|---|
| fixed length control field | 00639nam a22002297a 4500 |
| 005 - DATE AND TIME OF LATEST TRANSACTION | |
| control field | 20250718091025.0 |
| 008 - FIXED-LENGTH DATA ELEMENTS--GENERAL INFORMATION | |
| fixed length control field | 231025b ||||| |||| 00| 0 eng d |
| 020 ## - INTERNATIONAL STANDARD BOOK NUMBER | |
| International Standard Book Number | 9789358403923 |
| 040 ## - CATALOGING SOURCE | |
| Transcribing agency | AL |
| 041 ## - LANGUAGE CODE | |
| Language code of text/sound track or separate title | English |
| 082 ## - DEWEY DECIMAL CLASSIFICATION NUMBER | |
| Edition number | 23 |
| Classification number | 332.1 |
| Item number | APPB |
| 100 ## - MAIN ENTRY--PERSONAL NAME | |
| Personal name | H R Appannaiah and others |
| 100 ## - MAIN ENTRY--PERSONAL NAME | |
| 9 (RLIN) | 219301 |
| 245 ## - TITLE STATEMENT | |
| Title | Banking Law and Practice |
| 260 ## - PUBLICATION, DISTRIBUTION, ETC. | |
| Place of publication, distribution, etc. | Mumbai |
| Name of publisher, distributor, etc. | Himalaya Publishing House |
| Date of publication, distribution, etc. | 2023 |
| 300 ## - PHYSICAL DESCRIPTION | |
| Extent | 252p |
| Other physical details | PB |
| Dimensions | 24 |
| 365 ## - TRADE PRICE | |
| Price type code | 5578 |
| Price amount | ₹220.00 |
| Currency code | ₹ |
| Unit of pricing | ₹275.00 |
| Price note | 20% |
| Price effective from | 13-10-2023 |
| 650 ## - SUBJECT ADDED ENTRY--TOPICAL TERM | |
| Topical term or geographic name entry element | V SEM BBA |
| 9 (RLIN) | 139276 |
| 650 ## - SUBJECT ADDED ENTRY--TOPICAL TERM | |
| Topical term or geographic name entry element | NEP |
| 9 (RLIN) | 139277 |
| 700 ## - ADDED ENTRY--PERSONAL NAME | |
| Personal name | Madhu S |
| 9 (RLIN) | 139279 |
| 700 ## - ADDED ENTRY--PERSONAL NAME | |
| Personal name | Bhaskar H A |
| 9 (RLIN) | 139280 |
| 942 ## - ADDED ENTRY ELEMENTS (KOHA) | |
| Source of classification or shelving scheme | Dewey Decimal Classification |
| Koha item type | Book |
| Withdrawn status | Lost status | Source of classification or shelving scheme | Damaged status | Not for loan | Collection code | Home library | Current library | Date acquired | Source of acquisition | Cost, normal purchase price | Total Checkouts | Full call number | Barcode | Date last seen | Cost, replacement price | Price effective from | Koha item type | Date last checked out |
|---|---|---|---|---|---|---|---|---|---|---|---|---|---|---|---|---|---|---|
| Dewey Decimal Classification | Reference Book | Commerce | St Aloysius Library | St Aloysius Library | 10/20/2023 | Biblios Book Point Surathkal Mangalore 575014 | 220.00 | 332.1 APPB | 076858 | 10/25/2023 | 275.00 | 10/25/2023 | Reference | |||||
| Dewey Decimal Classification | Commerce | St Aloysius Library | St Aloysius Library | 10/20/2023 | Biblios Book Point Surathkal Mangalore 575014 | 220.00 | 1 | 332.1 APPB | 076859 | 05/08/2024 | 275.00 | 10/25/2023 | Book | 01/29/2024 |